00785nam a2200193 a 450000100100000000500170001000800410002702000150006804000250008310000290010824000660013724501130020326000530031630000280036950000340039770000370043195201060046899900170057400003630020200930075644.0120112s1978 mx a 000 0 spa d a9684090137 aDO-SdBNPbspacBNPHU1 aNyhan, William L.96243714aThe heredity factor :bgenes, chromosomes, and youlEspañol13aEl factor hereditario :blos genes, los cromosomas, la familia y usted /cWilliam L. Nyhan y Edward Edelson. aMéxico :bEditores Asociados Mexicanos,c1978. a393 p. :bil. ;c19 cm. aTraducido del idioma inglés1 aVillegas, Ana Sylviaetr.962438 0010507-18MOaGRbGRcOId2012-01-12iLF1l0o p36301-10r2020-06-25w2020-06-25y1ZNo se presta c35791d35791